Greatest hits (Record no. 1071)

MARC details
000 -LEADER
fixed length control field 00327nam a2200145 a 4500
005 - DATE AND TIME OF LATEST TRANSACTION
control field 20260322212045.0
008 - FIXED-LENGTH DATA ELEMENTS--GENERAL INFORMATION
fixed length control field data
092 ## - LOCALLY ASSIGNED DEWEY CALL NUMBER (OCLC)
Classification number 252
001 - CONTROL NUMBER
control field data
100 1# - MAIN ENTRY--PERSONAL NAME
Personal name Pat Benatar
245 10 - TITLE STATEMENT
Title Greatest hits
Statement of responsibility, etc. Pat Benatar.
260 ## - PUBLICATION, DISTRIBUTION, ETC.
Place of publication, distribution, etc. Hollywood, CA
Name of publisher, distributor, etc. Capitol Records
Date of publication, distribution, etc. 2005
650 #0 - SUBJECT ADDED ENTRY--TOPICAL TERM
Topical term or geographic name entry element Rock music
650 #0 - SUBJECT ADDED ENTRY--TOPICAL TERM
Topical term or geographic name entry element Alternative rock music
Holdings
Withdrawn status Lost status Damaged status Not for loan Home library Current library Shelving location Date acquired Total checkouts Full call number Barcode Date last seen Price effective from Koha item type
        Pleasant Valley Pleasant Valley General stacks 22/03/2026   GEN BC0011105 22/03/2026 22/03/2026 Books